Stone Cottage : Pound, Yeats, and modernism /

Bibliographic Details
Main Author: Longenbach, James
Format: Book
Language:English
Published: New York : Oxford University Press, 1988.
Subjects:

MARC

Tag First Indicator Second Indicator Subfields
LEADER 00000cam a22000008a 4500
001 in00000018802
005 20151007054052.0
008 870619s1988 nyua b 00110deng
010 |a  87018545  
020 |a 0195049543 (alk. paper) 
035 |a (OCoLC)16131639 
035 |9 AAB3878AM 
040 |a DLC  |c DLC  |d TXA  |d UtOrBLW 
043 |a e-uk-en 
049 |a TXAM  |c [A11495435] 
050 0 0 |a PS3531.O82  |b Z7386 1988 
082 0 |a 821/.912/09  |2 19 
100 1 |a Longenbach, James. 
245 1 0 |a Stone Cottage :  |b Pound, Yeats, and modernism /  |c James Longenbach. 
263 |a 8712 
264 1 |a New York :  |b Oxford University Press,  |c 1988. 
300 |a xviii, 329 pages :  |b illustrations 
336 |a text  |b txt  |2 rdacontent 
337 |a unmediated  |b n  |2 rdamedia 
338 |a volume  |b nc  |2 rdacarrier 
504 |a Bibliography: pages 271-307. 
500 |a Includes index. 
600 1 0 |a Pound, Ezra,  |d 1885-1972. 
600 1 0 |a Yeats, W. B.  |q (William Butler),  |d 1865-1939  |x Influence. 
650 0 |a Modernism (Literature) 
650 0 |a Poets, American  |y 20th century  |v Biography. 
650 0 |a Authors, Irish  |y 20th century  |v Biography. 
651 0 |a Sussex (England)  |x Intellectual life. 
999 |a MARS 
999 f f |s f5b471db-839e-38ee-b6d2-f610adc64553  |i 71c75a4b-c11c-3f33-a711-af0ace12c082  |t 0 
952 f f |p ric  |a Texas A&M University  |b Rellis Campus  |c Joint Library Facility  |d Remote Storage  |t 0  |e PS3531.O82 Z7386 1988  |h Library of Congress classification  |i unmediated -- volume  |m A14811495435 
998 f f |a PS3531.O82 Z7386 1988  |t 0  |l Remote Storage